header

Effects of ionizing radiation (Record no. 157930)

MARC details
000 -LEADER
fixed length control field 01406nam a2200337 a 4500
082 04 - DEWEY DECIMAL CLASSIFICATION NUMBER
Classification number 616.9/897
245 00 - TITLE STATEMENT
Title Effects of ionizing radiation
260 ## - PUBLICATION, DISTRIBUTION, ETC. (IMPRINT)
Place of publication Washington, D.C. :
Name of publisher Joseph Henry Press,
Year of publication 1998.
300 ## - PHYSICAL DESCRIPTION
Number of Pages xviii, 379 p. :
Other physical details ill.
650 #0 - SUBJECT ADDED ENTRY--TOPICAL TERM
Topical Term Radiation carcinogenesis.
Topical Term Atomic bomb
Topical Term Atomic bomb victims
Topical Term Children of atomic bomb victims
700 1# - ADDED ENTRY--PERSONAL NAME
Personal name Peterson, Leif E.,
Personal name Abrahamson, Seymour.
856 40 - ELECTRONIC LOCATION AND ACCESS
Uniform Resource Identifier http://site.ebrary.com/lib/rucke/Doc?id=10063021

No items available.

© 2026 Rongo University
Contact us: librarian | system librarian | Rongo university